50 meistgeflogene Flugstrecken von Los Angeles - Statistiken

Allgemein
  • Dieses Quiz wurde 4.206 mal gespielt
  • Das Durchschnittsergebnis liegt bei 29 aus 50
Antworten auf der Karte
Die Antworten werden auf der Karte rot bzw. grün angezeigt, abhängig davon wie oft sie richtig erraten wurden.
 
Antwortstatistiken
# Stadt % Korrekt
534'657 Paris
98%
1'686'666 London
97%
5'229'084 New York City
97%
392'770 Frankfurt
95%
880'833 Sydney
93%
1'187'807 Tokio
93%
976'152 Mexiko-Stadt
91%
445'705 Peking
90%
1'612'408 Miami
87%
1'001'626 Seoul
87%
1'799'304 Washington/Baltimore
84%
10'888'473 San Francisco
81%
3'908'558 Chicago
80%
589'500 Shanghai
77%
4'334'224 Las Vegas
75%
448'119 Melbourne
75%
579'130 Hongkong
71%
3'718'284 Seattle
71%
1'280'945 Boston
69%
4'365'143 Dallas
68%
2'587'383 Houston
65%
940'555 Taipeh
65%
469'756 Auckland
63%
2'396'739 Atlanta
60%
2'196'452 Honolulu
59%
637'710 Toronto
56%
3'350'436 Denver
55%
809'815 Detroit
55%
634'658 Philadelphia
54%
700'103 San Diego
54%
988'687 Vancouver
54%
4'335'858 Phoenix
49%
860'340 Austin
47%
402'762 Brisbane
47%
468'605 New Orleans
45%
791'560 Orlando
44%
1'854'647 Portland
39%
2'685'331 Sacramento
36%
2'145'886 Salt Lake City
34%
1'400'051 Minneapolis
31%
421'441 San Salvador
31%
405'096 San Antonio
30%
391'421 Cancún
28%
703'878 Charlotte
26%
914'682 Guadalajara
26%
422'343 Nashville
25%
941'774 Kahului
14%
514'056 San Jose del Cabo
7%
429'106 Lihue
5%
455'061 Kona
3%
Keine übereinstimmenden Quizze gefunden
Verteilung der Resultate
Anzahl Personen mit jedem Resultat
Perzentil nach korrekt beantworteten Fragen
Ihre Resultats-Entwicklung
Sie haben dieses Quiz noch nicht gespielt